Uprising of 1857 : (Record no. 137593)

MARC details
000 -LEADER
fixed length control field 00881nam a22002297a 4500
005 - DATE AND TIME OF LATEST TRANSACTION
control field 20180406162052.0
010 ## - LCCN (DPL NO)
LC control number BAC-05-12-17 ENG-117249 B-690750-751
020 ## - INTERNATIONAL STANDARD BOOK NUMBER
International Standard Book Number 9788178441757
Terms of availability 895.00
035 ## - SYSTEM CONTROL NUMBER
System control number EN-100781
035 ## - SYSTEM CONTROL NUMBER
System control number B-690750-751
037 ## - SOURCE OF ACQUISITION
Source of stock number/acquisition DBAD/PUB
082 ## - DEWEY DECIMAL CLASSIFICATION NUMBER
Classification number 954.083
100 ## - MAIN ENTRY--PERSONAL NAME
Personal name Aijaz Ahmad
245 ## - TITLE STATEMENT
Title Uprising of 1857 :
Statement of responsibility, etc by Aijaz Ahmad
Remainder of title some facts about failure of Indian war of Independence /
260 ## - PUBLICATION, DISTRIBUTION, ETC. (IMPRINT)
Place of publication, distribution, etc New Delhi
Name of publisher, distributor, etc K.K. Publication
Date of publication, distribution, etc 2017
270 ## - ADDRESS
Address 4806/24,Bharat Ram Road,Daryaganj
City New Delhi
Postal code 110002
300 ## - PHYSICAL DESCRIPTION
Extent x,226p.
Dimensions 22cm(Hb)
500 ## - GENERAL NOTE
General note Balidani
500 ## - GENERAL NOTE
General note Includes bibliographical references
942 ## - ADDED ENTRY ELEMENTS (KOHA)
Source of classification or shelving scheme Dewey Decimal Classification
Item type English Books
Classification part 954.083
Call number suffix AIJ
Holdings
Withdrawn status Lost status Not for loan Collection code Home library Current library Date acquired Source of acquisition Cost, normal purchase price Full call number Barcode Copy number Cost, replacement price Koha item type Public note
    Not For Loan Non-fiction D.B.Act.Division Bawana 14/02/2017 DBAD/PUB 895.00 954.083 AIJ EN-100781 1 895.00 English Books  
      Non-fiction Central Library Central Library 06/04/2018 KKP/BL-62/26.02.2018/788/19.02.2018/09.03.2018 895.00 954.083 AIJ B-690750 1 895.00 English Books Balidani
      Non-fiction Sarojini Nagar Sarojini Nagar 06/04/2018 KKP/BL-62/26.02.2018/788/19.02.2018/09.03.2018 895.00 954.083 AIJ B-690751 1 895.00 English Books Balidani

© Delhi Public Library
Hit Counter
free hit counter